Entry Personal Name
Number of records used in: 1
001 - CONTROL NUMBER
003 - CONTROL NUMBER IDENTIFIER
005 - DATE AND TIME OF LATEST TRANSACTION
- control field:
20231207153350.0
008 - FIXED-LENGTH DATA ELEMENTS
- fixed length control field:
160518n| azannaabn |n aaa
010 ## - LIBRARY OF CONGRESS CONTROL NUMBER
- LC control number:
n 2016245478
040 ## - CATALOGING SOURCE
- Original cataloging agency:
DLC
- Language of cataloging:
eng
- Transcribing agency:
DLC
- Description conventions:
rda
100 1# - HEADING--PERSONAL NAME
- Personal name:
Chawla, G. S.
372 ## - FIELD OF ACTIVITY
- Field of activity:
Journalism
- Source of term:
lcsh
374 ## - OCCUPATION
- Occupation:
Journalists
- Source of term:
lcsh
375 ## - GENDER
377 ## - ASSOCIATED LANGUAGE
670 ## - SOURCE DATA FOUND
- Source citation:
Bloodshed in Punjab, 2016:
- Information found:
title page (G.S. Chawla) jacket (journalist)